000 00464cam a2200193ua 4500
001 3253
008 111013n ii |||gr||||Z||||||asm
040 _cMAIN
082 _a891.4513
100 1 _aNasrin, Taslima,
245 1 1 _aPratishodh
_cby Taslima Nasrin
250 _a2nd.
260 _aGuahati:
_bBina Library,
_c2006.
300 _a151p:
_c23cm.
653 _aAssamese novel
653 _aPratishodh
700 _aDeka, Namita,
_eTranslator.,
942 _cBK
999 _c3098
_d3098